Statistiques concernant Capitales régionales françaises par régions aléatoires

Cliquez ici pour prendre le quiz!

Statistiques générales

  • Ce quiz a été pris 6 420 fois
  • Le résultat moyen est 8 sur 10

Statistiques - réponses

RégionsCapitales% Correct
Île-de-FranceParis
98%
CorseAjaccio
95%
Hauts-de-FranceLille
95%
Grand-EstStrasbourg
94%
Provence-Alpes-Côte d'AzurMarseille
93%
Auvergne-Rhône-AlpesLyon
92%
BretagneRennes
91%
Nouvelle-AquitaineBordeaux
90%
OccitanieToulouse
87%
NormandieRouen
86%
Pays-de-la-LoireNantes
82%
Bourgogne-Franche-ComtéDijon
81%
La RéunionSaint-Denis
72%
Centre-Val de LoireOrléans
69%
MartiniqueFort-de-France
59%
GuyaneCayenne
57%
MayotteDzaoudzi
41%
GuadeloupeBasse-Terre
37%

Distribution des résultats

Percentile par nombre de réponses

% des personnes avec chaque résultat

Votre développement - résultats

Vous n’avez pas pris ce quiz